01478nam a2200265Ia 4500001000600000003000900006008004100015040001300056040001300069041001300082100001100095100002900106245003100135245003100166250001100197260001200208260001000220260004900230300004300279500079500322650001901117650003101136700001701167700002801184D8475IT-RoPAU130308s9999 xx 000 0 und d aIT-RoPAU cIT-RoPAU aITALIANO aAA.VV. gCodice Aut. SPICS: 12000 aIntense emozioni in musica bIntense Emozioni in Musica a1a ed. aBOLOGNA bClueb c1996 [1° Ed.:1996 - Ed.Ling.Originale:1996] a"228 p. (prefazione: no ; testo: 228)" aEsplorazioni di tanti territori Disparati: Storie Personali di Bambini, Giovani e Adulti, Ascoltando o Suonando o Cantando Musica di Ogni Genere. Febbre o Altre Affezioni del Sabato Sera, Ossia Ballo e Sballo in Discoteca e nel Rave, tra Musica e Droga. Esperienze Emotive Alte di Improvvisazione Digruppo. e Poi Ancora le Transe Etniche (Tarantismo in Particolare), la Mistica romantica e quella Islamica, e tanti Percorsi Transdisciplinari o Ancora Indisciplinati, Documentati in Un'Ampia Serie di Schede Informative e Critiche: Catarsi, Corpo, Danza, Demoniaco/Divino, Dionisiaco, Droga, Emozioni, Erotismo, Esperienza, Estasi/Transe, Fusione, Incantamento, Ispirazione,Meditazione, Melodia Ossessiva, Musica, Rito, Stati modificati di Coscienza, Terapia, Viaggio, Walkman. Bibliografia. aSAGGI MUSICALI eCodice materia Spics: 7011 aStefani Gino gCodice Aut. SPICS: 1035